| 000 | 01937nam a2200265 a 4500 | ||
|---|---|---|---|
| 001 | 16965886 | ||
| 008 | 180906s2012 ||||||||||||||||| || u | ||
| 010 | _a2011038951 | ||
| 020 | _a9781608716890 (pbk. : alk. paper) | ||
| 020 | _a1608716899 (pbk. : alk. paper) | ||
| 050 | _aJA 71 Joh | ||
| 100 | _aReynolds, H. T | ||
| 245 | 1 | 0 |
_aPolitical science research methods. (7th ed.) _c By Janet Buttolph Johnson and H. T. Reynolds |
| 250 | _a7th ed. | ||
| 260 |
_aLos Angeles: _bCQ Press _c2012 |
||
| 300 | _axxxi, 646p. : ill. | ||
| 350 | _a78.45 | ||
| 500 | _aIncludes bibliographical references and index | ||
| 505 | _aThe empirical approach to political science -- Beginning the research process : identifying a research topic, developing research questions, and reviewing the literature -- The building blocks of social scientific research : hypotheses, concepts, and variables -- The building blocks of social scientific research : measurement -- Research design : making causal inferences -- Sampling -- Making empirical observations : direct and indirect observation -- Document analysis : using the written record -- Survey research and interviewing -- Making sense of data : first steps -- Statistical inference -- Investigating relationships between two variables -- Multivariate analysis -- The research report : an annotated example. | ||
| 650 | 0 | _aPOLITICAL SCIENCE-RESEARCH-METHODOLOGY | |
| 700 | _aJohnson, Janet Buttolph | ||
| 995 |
_aMAIN LIBRARY OPEN ACCESS _e748573 _FCBU-MAIN LIBRARY (Kitwe) _I78.45 _jJA 71 Joh _M2 _UAVAILABLE _WSep 6, 2018 _y748573 _ZMain Library Open Access Collection |
||
| 995 |
_aANNEX COLLECTION (Main Library) _e748574 _FCBU-MAIN LIBRARY (Kitwe) _I78.45 _jJA 71 Joh _M3 _UAVAILABLE _WSep 6, 2018 _y748574 _ZAnnex Low-Usage Collection |
||
| 995 |
_aANNEX COLLECTION (Main Library) _e748572 _FCBU-MAIN LIBRARY (Kitwe) _I78.45 _jJA 71 Joh _M1 _UAVAILABLE _WSep 6, 2018 _y748572 _ZAnnex Low-Usage Collection |
||
| 999 |
_c82039 _d82039 |
||